[Event "Oberliga Nord N 1314"]
[Site "Germany"]
[Date "2014.04.06"]
[Round "9.3"]
[White "Reichmann, Hendrik"]
[Black "Sieg, Ulrich"]
[Result "1-0"]
[WhiteElo "2360"]
[BlackElo "2213"]
[PlyCount "67"]
[EventDate "2013.10.13"]
[EventType "team-tourn"]
[EventRounds "9"]
[EventCountry "GER"]
[SourceTitle "EXT 2015"]
[Source "ChessBase"]
[SourceDate "2014.11.20"]
[SourceVersion "1"]
[SourceVersionDate "2014.11.20"]
[SourceQuality "1"]
[WhiteTeam "Schwerin"]
[BlackTeam "Luebeck II"]
[WhiteTeamCountry "GER"]
[BlackTeamCountry "GER"]

1. d4 Nf6 2. Nf3 g6 3. Bf4 Bg7 4. e3 d6 5. Be2 0-0 6. 0-0 c5 7. c3 b6 8. h3 Bb7 9. a4 a6 10. Bh2 Nbd7 11. Nbd2 Ra7 12. Qb1 Qa8 13. Re1 Ne4 14. Bf1 Bc6 15. Qd1 Nxd2 16. Nxd2 Nf6 17. f3 Nd7 18. Kh1 Rc8 19. Bg1 e5 20. dxc5 bxc5 21. e4 Rd8 22. b4 Nf8 23. b5 axb5 24. axb5 Be8 25. b6 Ra4 26. Nc4 Ne6 27. Rxa4 Bxa4 28. Qa1 Qc6 29. Rb1 Qe8 30. b7 Bc6 31. Qa7 Rb8 32. Nxd6 Qd8 33. Nc8 Qc7 34. Ne7+ 1-0

[Event "Oberliga Nord N 1314"]
[Site "Germany"]
[Date "2014.02.23"]
[Round "7.4"]
[White "Sieg, Ulrich"]
[Black "Jaeckle, Marco"]
[Result "1/2-1/2"]
[WhiteElo "2213"]
[BlackElo "2248"]
[PlyCount "71"]
[EventDate "2013.10.13"]
[EventType "team-tourn"]
[EventRounds "9"]
[EventCountry "GER"]
[SourceTitle "EXT 2015"]
[Source "ChessBase"]
[SourceDate "2014.11.20"]
[SourceVersion "1"]
[SourceVersionDate "2014.11.20"]
[SourceQuality "1"]
[WhiteTeam "Luebeck II"]
[BlackTeam "Hamburg SF"]
[WhiteTeamCountry "GER"]
[BlackTeamCountry "GER"]

1. c4 b6 2. b3 e6 3. Bb2 f5 4. Nf3 Bb7 5. g3 Bxf3 6. exf3 c5 7. d4 cxd4 8. Qxd4 Nf6 9. Nc3 Nc6 10. Qd2 Bb4 11. a3 Bxc3 12. Bxc3 0-0 13. Be2 Qe7 14. 0-0 Rad8 15. Rfd1 d6 16. Qb2 f4 17. Rd2 e5 18. Re1 Nh5 19. Qc2 Qg5 20. Qe4 fxg3 21. hxg3 Nd4 22. Qg4 Qh6 23. Rxd4 exd4 24. Qxd4 Rfe8 25. f4 Nf6 26. Bf3 Rxe1+ 27. Bxe1 Qg6 28. Bc3 h5 29. Qd1 Ng4 30. Qe2 Nf6 31. Qe3 Kf8 32. Qd4 Rd7 33. Bc6 Rd8 34. Bf3 Rd7 35. Bc6 Rd8 36. Bf3 1/2-1/2

[Event "Oberliga Nord N 1314"]
[Site "Germany"]
[Date "2014.01.19"]
[Round "5.3"]
[White "Boe, Mads"]
[Black "Sieg, Ulrich"]
[Result "1-0"]
[WhiteElo "2364"]
[BlackElo "2213"]
[PlyCount "101"]
[EventDate "2013.10.13"]
[EventType "team-tourn"]
[EventRounds "9"]
[EventCountry "GER"]
[SourceTitle "EXT 2015"]
[Source "ChessBase"]
[SourceDate "2014.11.20"]
[SourceVersion "1"]
[SourceVersionDate "2014.11.20"]
[SourceQuality "1"]
[WhiteTeam "Kiel Turm"]
[BlackTeam "Luebeck II"]
[WhiteTeamCountry "GER"]
[BlackTeamCountry "GER"]

1. d4 g6 2. Nf3 Bg7 3. c3 d6 4. Bg5 h6 5. Bh4 Nf6 6. e3 g5 7. Bg3 Nh5 8. Bd3 e6 9. Nbd2 Nc6 10. Qe2 Qe7 11. Nf1 Bd7 12. N3d2 Nf6 13. e4 Rd8 14. Ne3 e5 15. d5 Nb8 16. h3 h5 17. 0-0-0 a6 18. Kb1 Bh6 19. Bh2 g4 20. hxg4 Bxe3 21. Qxe3 Nxg4 22. Qa7 c5 23. Bg1 b5 24. f3 Nf6 25. Be3 Rg8 26. Bf1 Rg6 27. Nb3 Rc8 28. Qb6 Qd8 29. Qxd8+ Kxd8 30. Bf2 Kc7 31. Na1 Rh8 32. Nc2 Ne8 33. Ne3 Rgg8 34. Kc2 Bc8 35. Ra1 Bd7 36. b4 cxb4 37. cxb4 Ng7 38. Bd3 Rf8 39. a4 bxa4 40. Kd2 Bb5 41. Rhc1+ Kd7 42. Nc4 Ke7 43. Nb6 Kf6 44. Bc2 h4 45. Rh1 Kg5 46. Nxa4 f5 47. Nc3 h3 48. gxh3 fxe4 49. Nxe4+ Kh6 50. Be3+ Kh5 51. Rag1 1-0

[Event "BL2-Nord 1314"]
[Site "Germany"]
[Date "2013.12.15"]
[Round "4.7"]
[White "Kramer, Julian"]
[Black "Sieg, Ulrich"]
[Result "1-0"]
[WhiteElo "2137"]
[BlackElo "2213"]
[PlyCount "73"]
[EventDate "2013.10.13"]
[EventType "team-tourn"]
[EventRounds "9"]
[EventCountry "GER"]
[SourceTitle "EXT 2015"]
[Source "ChessBase"]
[SourceDate "2014.11.20"]
[SourceVersion "1"]
[SourceVersionDate "2014.11.20"]
[SourceQuality "1"]
[WhiteTeam "Hamburger SK II"]
[BlackTeam "Luebeck"]
[WhiteTeamCountry "GER"]
[BlackTeamCountry "GER"]

1. e4 Nf6 2. e5 Nd5 3. d4 d6 4. Nf3 dxe5 5. Nxe5 c6 6. Bd3 Nd7 7. Nf3 N7f6 8. Ne5 Nd7 9. Qf3 Nxe5 10. dxe5 g6 11. 0-0 Bg7 12. Re1 0-0 13. a3 Be6 14. b3 Qc7 15. Bb2 Rad8 16. Nd2 Qc8 17. Ne4 Bf5 18. Nc5 Bxd3 19. Nxd3 Qf5 20. Qxf5 gxf5 21. Rad1 Nc7 22. f4 Ne6 23. Kf2 Rd5 24. g3 Rfd8 25. Ke2 Nd4+ 26. Bxd4 Rxd4 27. Nc5 b6 28. Nb7 Re4+ 29. Kf2 Rd5 30. Nd8 Rc5 31. Rxe4 fxe4 32. c4 Bxe5 33. fxe5 a5 34. Ke3 a4 35. Kd4 f6 36. exf6 exf6 37. b4 1-0

[Event "Oberliga Nord N 0910"]
[Site "Germany"]
[Date "2010.01.24"]
[Round "5.3"]
[White "Ressler, Eckart"]
[Black "Sieg, Ulrich"]
[Result "1/2-1/2"]
[WhiteElo "2201"]
[BlackElo "2232"]
[PlyCount "36"]
[EventDate "2009.10.18"]
[EventType "team-tourn"]
[EventRounds "9"]
[EventCountry "GER"]
[SourceTitle "EXT 2011"]
[Source "ChessBase"]
[SourceDate "2010.11.26"]
[SourceVersion "1"]
[SourceVersionDate "2010.11.26"]
[SourceQuality "1"]
[WhiteTeam "Kiel Meerbauer"]
[BlackTeam "Luebeck"]
[WhiteTeamCountry "GER"]
[BlackTeamCountry "GER"]

1. e4 c5 2. Nf3 Nc6 3. Bb5 g6 4. 0-0 Bg7 5. Re1 Nf6 6. e5 Nd5 7. Nc3 Nc7 8. Bxc6 dxc6 9. Ne4 Ne6 10. d3 0-0 11. Be3 b6 12. Qd2 Nd4 13. Nxd4 cxd4 14. Bh6 Qd5 15. Bxg7 Kxg7 16. Qg5 Qe6 17. a4 Bb7 18. b3 c5 1/2-1/2

[Event "Mainz Ordix op 15th"]
[Site "Mainz"]
[Date "2008.08.02"]
[Round "2"]
[White "Sieg, Ulrich"]
[Black "Motylev, Alexander"]
[Result "0-1"]
[WhiteElo "2238"]
[BlackElo "2674"]
[PlyCount "47"]
[EventDate "2008.08.02"]
[EventType "swiss (rapid)"]
[EventRounds "11"]
[EventCountry "GER"]
[SourceTitle "CBM 125 Extra"]
[Source "ChessBase"]
[SourceDate "2008.09.01"]
[SourceVersion "1"]
[SourceVersionDate "2008.09.01"]
[SourceQuality "1"]

1. Nf3 d5 2. c4 d4 3. b4 f6 4. e3 e5 5. exd4 e4 6. Qe2 Qe7 7. Ng1 Nc6 8. Ba3 Nxd4 9. Qd1 Qe5 10. Nc3 a5 11. Nd5 Nc2+ 12. Qxc2 Qxa1+ 13. Ke2 Bg4+ 14. f3 exf3+ 15. gxf3 Qe5+ 16. Ne3 Be6 17. Bb2 Qd6 18. c5 Qd7 19. Qe4 0-0-0 20. d4 axb4 21. Kf2 Ne7 22. Bd3 f5 23. Qe5 Nc6 24. Ke1 0-1

[Event "BL2-Nord 0405"]
[Site "Germany"]
[Date "2005.04.10"]
[Round "9.6"]
[White "Guth, Thomas"]
[Black "Sieg, Ulrich"]
[Result "1-0"]
[WhiteElo "2279"]
[BlackElo "2265"]
[PlyCount "83"]
[EventDate "2004.10.24"]
[EventType "team-tourn"]
[EventRounds "9"]
[EventCountry "GER"]
[SourceTitle "EXT 2007"]
[Source "ChessBase"]
[SourceDate "2006.11.23"]
[SourceVersion "1"]
[SourceVersionDate "2006.11.23"]
[SourceQuality "1"]
[WhiteTeam "Berlin Rotation"]
[BlackTeam "Luebeck"]
[WhiteTeamCountry "GER"]
[BlackTeamCountry "GER"]

1. e4 Nf6 2. Nc3 d6 3. d4 g6 4. Bg5 c6 5. Qd2 b5 6. Bd3 Nbd7 7. Bh6 Bxh6 8. Qxh6 Qa5 9. Nf3 b4 10. Ne2 b3+ 11. c3 bxa2 12. b4 Qh5 13. Qd2 Qg4 14. Ng3 Nh5 15. h3 Qf4 16. Nxh5 Qxd2+ 17. Kxd2 gxh5 18. Rxa2 Rg8 19. g3 Nb6 20. Ra5 d5 21. exd5 cxd5 22. Kc2 Rg7 23. h4 Bb7 24. Rha1 Nc8 25. Bb5+ Kd8 26. Ne5 Kc7 27. Be2 Nd6 28. Rxa7 Rc8 29. Ba6 Ra8 30. Rxa8 Bxa8 31. Be2 Bb7 32. Bxh5 Ne4 33. Nd3 Kb6 34. Bf3 Rg6 35. Bxe4 dxe4 36. Ne5 Rg8 37. Kd2 f6 38. Nd7+ Kc7 39. Nc5 Kb6 40. Ke3 Rc8 41. c4 h5 42. Ra5 1-0

[Event "BL2-Nord 0405"]
[Site "Germany"]
[Date "2005.03.13"]
[Round "8.7"]
[White "Paulsen, Dirk"]
[Black "Sieg, Ulrich"]
[Result "1-0"]
[WhiteElo "2379"]
[BlackElo "2265"]
[PlyCount "83"]
[EventDate "2004.10.24"]
[EventType "team-tourn"]
[EventRounds "9"]
[EventCountry "GER"]
[SourceTitle "EXT 2007"]
[Source "ChessBase"]
[SourceDate "2006.11.23"]
[SourceVersion "1"]
[SourceVersionDate "2006.11.23"]
[SourceQuality "1"]
[WhiteTeam "Koenig Tegel"]
[BlackTeam "Luebeck"]
[WhiteTeamCountry "GER"]
[BlackTeamCountry "GER"]

1. d4 Nf6 2. c4 g6 3. Nc3 Bg7 4. e4 d6 5. h3 0-0 6. Bg5 Na6 7. Nf3 e5 8. dxe5 dxe5 9. Qxd8 Rxd8 10. Nd5 Rd6 11. Bxf6 Bxf6 12. b4 c6 13. Nxf6+ Rxf6 14. a3 c5 15. b5 Nc7 16. Be2 Ne6 17. Nxe5 Nd4 18. Bd3 Rd6 19. 0-0-0 Be6 20. Kb2 Rad8 21. Kc3 a6 22. a4 Kg7 23. Ng4 Bxg4 24. hxg4 Ne6 25. g3 Ng5 26. e5 Ne4+ 27. Bxe4 Rxd1 28. Rxd1 Rxd1 29. Bxb7 a5 30. Be4 Kf8 31. b6 Ke7 32. b7 Rd8 33. g5 Kd7 34. Bd5 Kc7 35. Bxf7 Rd1 36. Bd5 Re1 37. e6 Re5 38. Kd2 Rf5 39. f4 Rf8 40. Ke3 Kd6 41. g4 Kc7 42. Ke4 1-0

[Event "BL2-Nord 0405"]
[Site "Germany"]
[Date "2005.01.30"]
[Round "6.8"]
[White "Sieg, Ulrich"]
[Black "Figura, Atila Gajo"]
[Result "0-1"]
[WhiteElo "2265"]
[BlackElo "2193"]
[PlyCount "104"]
[EventDate "2004.10.24"]
[EventType "team-tourn"]
[EventRounds "9"]
[EventCountry "GER"]
[SourceTitle "EXT 2007"]
[Source "ChessBase"]
[SourceDate "2006.11.23"]
[SourceVersion "1"]
[SourceVersionDate "2006.11.23"]
[SourceQuality "1"]
[WhiteTeam "Luebeck"]
[BlackTeam "Kreuzberg II"]
[WhiteTeamCountry "GER"]
[BlackTeamCountry "GER"]

1. Nf3 Nf6 2. c4 g6 3. g3 Bg7 4. Bg2 0-0 5. 0-0 c6 6. d4 d5 7. cxd5 cxd5 8. Nc3 Ne4 9. Nxe4 dxe4 10. Ne5 Nc6 11. Nxc6 bxc6 12. Be3 f5 13. Qa4 Qd7 14. Rac1 Rf6 15. Bf4 h6 16. Rfd1 g5 17. Be5 Re6 18. f3 Bxe5 19. dxe5 Qc7 20. fxe4 Qb6+ 21. Kh1 Rg6 22. exf5 Bxf5 23. Rxc6 Rxc6 24. Qxc6 Qxc6 25. Bxc6 Rc8 26. Bd7 Be4+ 27. Kg1 Rc5 28. Ba4 Rxe5 29. b4 Bf5 30. Bb3+ Kg7 31. Rd5 Kf6 32. Kf2 Rxd5 33. Bxd5 Ke5 34. Bc6 Kd4 35. a4 Kc4 36. e4 Bg4 37. b5 Bd1 38. a5 Ba4 39. Bb7 Kxb5 40. a6 Kb6 41. Ke3 e5 42. Bc8 Bb5 43. h4 Bxa6 44. hxg5 hxg5 45. Be6 Kc7 46. Bb3 Kd6 47. Kd2 Bb7 48. Bc2 Kc5 49. Kc3 Bc6 50. Bb1 a5 51. Ba2 a4 52. Bb1 a3 0-1

[Event "BL2-Nord 0405"]
[Site "Germany"]
[Date "2004.11.28"]
[Round "3.6"]
[White "Niehaus, Frank"]
[Black "Sieg, Ulrich"]
[Result "1-0"]
[WhiteElo "2125"]
[BlackElo "2265"]
[PlyCount "79"]
[EventDate "2004.10.24"]
[EventType "team-tourn"]
[EventRounds "9"]
[EventCountry "GER"]
[SourceTitle "EXT 2007"]
[Source "ChessBase"]
[SourceDate "2006.11.23"]
[SourceVersion "1"]
[SourceVersionDate "2006.11.23"]
[SourceQuality "1"]
[WhiteTeam "Neukoelln II"]
[BlackTeam "Luebeck"]
[WhiteTeamCountry "GER"]
[BlackTeamCountry "GER"]

1. e4 Nf6 2. e5 Nd5 3. d4 d6 4. c4 Nb6 5. exd6 exd6 6. Nc3 Be7 7. h3 Nc6 8. Nf3 Bf5 9. Bd3 Bg6 10. 0-0 0-0 11. Bxg6 hxg6 12. b3 d5 13. c5 Nc8 14. Bf4 a6 15. a3 g5 16. Bh2 Bf6 17. b4 N8e7 18. b5 axb5 19. Nxb5 Rc8 20. Qd3 Qd7 21. Rfd1 Rfe8 22. Rab1 g6 23. Qd2 Nf5 24. g4 Nh4 25. Nxh4 gxh4 26. Qf4 Bg7 27. Nxc7 Re4 28. Qd6 Rxg4+ 29. hxg4 Qxg4+ 30. Kh1 Qf3+ 31. Kg1 Nxd4 32. Qxd5 Ne2+ 33. Kf1 Qg4 34. Qd7 Qf3 35. Qxc8+ Kh7 36. Qxb7 Qg4 37. Rd2 Nc3 38. Rb4 Qg5 39. Bf4 Qf5 40. Be3 1-0

[Event "BL2-Nord 0304"]
[Site "Germany"]
[Date "2003.??.??"]
[Round "?.7"]
[White "Paulsen, Dirk"]
[Black "Sieg, Ulrich"]
[Result "1/2-1/2"]
[WhiteElo "2385"]
[BlackElo "2265"]
[PlyCount "29"]
[EventDate "2003.10.??"]
[EventType "team-tourn"]
[EventRounds "9"]
[EventCountry "GER"]
[SourceTitle "CBM 100 Extra"]
[Source "ChessBase"]
[SourceDate "2004.07.06"]
[SourceVersion "2"]
[SourceVersionDate "2004.07.06"]
[SourceQuality "1"]
[WhiteTeam "Koenig Tegel"]
[BlackTeam "Luebeck"]
[WhiteTeamCountry "GER"]
[BlackTeamCountry "GER"]

1. d4 Nf6 2. c4 g6 3. Nc3 Bg7 4. e4 d6 5. f4 0-0 6. Nf3 c5 7. dxc5 Qa5 8. Bd3 Qxc5 9. Qe2 Bg4 10. Be3 Qa5 11. 0-0 Nc6 12. Rac1 Rfc8 13. Qd2 Bxf3 14. Rxf3 Ng4 15. Kh1 1/2-1/2

[Event "BL2-Nord 0203"]
[Site "Germany"]
[Date "2002.12.15"]
[Round "3.6"]
[White "Mueller, Michael"]
[Black "Sieg, Ulrich"]
[Result "1/2-1/2"]
[WhiteElo "2188"]
[BlackElo "2289"]
[PlyCount "56"]
[EventDate "2002.10.20"]
[EventType "team-tourn"]
[EventRounds "9"]
[EventCountry "GER"]
[SourceTitle "EXT 2004"]
[Source "ChessBase"]
[SourceDate "2003.11.25"]
[SourceVersion "1"]
[SourceVersionDate "2003.11.25"]
[SourceQuality "1"]
[WhiteTeam "Berlin Rotation"]
[BlackTeam "Luebeck II"]
[WhiteTeamCountry "GER"]
[BlackTeamCountry "GER"]

1. d4 Nf6 2. c4 g6 3. Nc3 Bg7 4. e4 d6 5. f3 0-0 6. Bg5 c5 7. d5 e6 8. Qd2 exd5 9. cxd5 Bd7 10. Bd3 Na6 11. Nge2 Rb8 12. Bxa6 bxa6 13. 0-0 Qb6 14. Rab1 Bb5 15. Rfe1 Bxe2 16. Nxe2 Rfe8 17. Bh6 Bh8 18. Kh1 Nd7 19. b3 Ne5 20. Nc3 Qb4 21. Rec1 a5 22. Qe2 Qb7 23. Bd2 a6 24. Qe3 Bg7 25. Na4 Qb5 26. Nb2 Rb7 27. f4 Ng4 28. Qf3 Nf6 1/2-1/2

[Event "BL2-Nord 0102"]
[Site "Germany"]
[Date "2002.02.03"]
[Round "5.5"]
[White "Sell, Achim"]
[Black "Sieg, Ulrich"]
[Result "1/2-1/2"]
[WhiteElo "2265"]
[BlackElo "2288"]
[PlyCount "32"]
[EventDate "2001.10.07"]
[EventType "team-tourn"]
[EventRounds "9"]
[EventCountry "GER"]
[SourceTitle "CBM 088 Extra"]
[Source "ChessBase"]
[SourceDate "2002.07.01"]
[SourceVersion "2"]
[SourceVersionDate "2002.07.01"]
[SourceQuality "1"]
[WhiteTeam "Preetz"]
[BlackTeam "Luebeck II"]
[WhiteTeamCountry "GER"]
[BlackTeamCountry "GER"]

1. d4 g6 2. Nc3 Bg7 3. h4 c5 4. dxc5 Qa5 5. Bd2 Qxc5 6. e4 Nf6 7. Be2 d6 8. h5 gxh5 9. Be3 Qa5 10. Qd2 Nc6 11. f3 Be6 12. Nb5 Qxd2+ 13. Kxd2 0-0 14. c4 Rfc8 15. Rc1 a6 16. Nc3 Ne5 1/2-1/2

[Event "Oberliga Nord N 0001"]
[Site "Germany"]
[Date "2001.??.??"]
[Round "?"]
[White "Harm, Joerg"]
[Black "Sieg, Ulrich"]
[Result "1/2-1/2"]
[WhiteElo "2220"]
[BlackElo "2280"]
[PlyCount "70"]
[EventDate "2000.10.??"]
[EventType "team"]
[EventRounds "9"]
[EventCountry "GER"]
[SourceTitle "EXT 2004"]
[Source "ChessBase"]
[SourceDate "2003.11.25"]
[SourceVersion "1"]
[SourceVersionDate "2003.11.25"]
[SourceQuality "1"]

1. e4 c5 2. Nc3 Nc6 3. g3 g6 4. Bg2 Bg7 5. d3 d6 6. Be3 e6 7. f4 Nge7 8. Nf3 Nd4 9. 0-0 0-0 10. e5 Bd7 11. Ne4 Nef5 12. Bf2 Nxf3+ 13. Bxf3 dxe5 14. fxe5 Bxe5 15. Nxc5 Bc6 16. c3 Qc7 17. Qe2 Bg7 18. Ne4 Rfe8 19. g4 Nd6 20. Nxd6 Qxd6 21. Bg3 Qd7 22. Bxc6 Qxc6 23. d4 e5 24. dxe5 Bxe5 25. Bxe5 Qc5+ 26. Qf2 Qxf2+ 27. Kxf2 Rxe5 28. Rfe1 Rxe1 29. Rxe1 Rd8 30. Re2 Kf8 31. Ke3 Rd5 32. Rd2 Rb5 33. b3 Ke7 34. Kf4 h5 35. h3 f6 1/2-1/2

[Event "BL2-Nord 9697"]
[Site "Germany"]
[Date "1997.??.??"]
[Round "?.6"]
[White "Rudolf, Henrik"]
[Black "Sieg, Ulrich"]
[Result "1/2-1/2"]
[WhiteElo "2245"]
[BlackElo "2320"]
[PlyCount "42"]
[EventDate "1996.10.??"]
[EventType "team-tourn"]
[EventRounds "9"]
[EventCountry "GER"]
[SourceTitle "GER-chT2"]
[Source "ChessBase"]
[SourceDate "1999.07.01"]
[SourceVersion "1"]
[SourceVersionDate "1999.07.01"]
[SourceQuality "1"]
[WhiteTeam "Neukoelln"]
[BlackTeam "Luebeck"]
[WhiteTeamCountry "GER"]
[BlackTeamCountry "GER"]

1. e4 Nf6 2. e5 Nd5 3. d4 d6 4. c4 Nb6 5. exd6 exd6 6. Nc3 Nc6 7. Be3 Bf5 8. Nf3 Be7 9. Rc1 0-0 10. Be2 Bf6 11. 0-0 Re8 12. d5 Ne5 13. Nd4 Bg6 14. b3 Ned7 15. b4 a6 16. Nb3 Nf8 17. Na5 Rb8 18. Bf3 Nc8 19. c5 Bg5 20. Nc4 Bxe3 21. Nxe3 a5 1/2-1/2

[Event "BL2-Nord 9697"]
[Site "Germany"]
[Date "1997.??.??"]
[Round "?.5"]
[White "Stanke, Juergen"]
[Black "Sieg, Ulrich"]
[Result "1-0"]
[WhiteElo "2310"]
[BlackElo "2320"]
[PlyCount "55"]
[EventDate "1996.10.??"]
[EventType "team-tourn"]
[EventRounds "9"]
[EventCountry "GER"]
[SourceTitle "GER-chT2"]
[Source "ChessBase"]
[SourceDate "1999.07.01"]
[SourceVersion "1"]
[SourceVersionDate "1999.07.01"]
[SourceQuality "1"]
[WhiteTeam "Hamburger SK II"]
[BlackTeam "Luebeck"]
[WhiteTeamCountry "GER"]
[BlackTeamCountry "GER"]

1. e4 c5 2. Nf3 e6 3. Nc3 a6 4. d4 cxd4 5. Nxd4 Qc7 6. g3 Bb4 7. Nde2 Be7 8. Bg2 Nf6 9. 0-0 0-0 10. h3 Nc6 11. g4 h6 12. f4 Nh7 13. Kh1 d6 14. Be3 b5 15. a3 Bd7 16. Bf2 Rfd8 17. h4 b4 18. axb4 Nxb4 19. Bg3 Bc6 20. Nd4 Bb7 21. g5 hxg5 22. fxg5 g6 23. Qe2 e5 24. Nb3 a5 25. Rf2 Bc6 26. Qc4 Rf8 27. Nd5 Qd8 28. Nxb4 1-0

[Event "BL2-Nord 9596"]
[Site "Germany"]
[Date "1996.??.??"]
[Round "?.5"]
[White "Sieg, Ulrich"]
[Black "Bach, Matthias"]
[Result "1/2-1/2"]
[WhiteElo "2325"]
[BlackElo "2330"]
[PlyCount "63"]
[EventDate "1995.10.??"]
[EventType "team-tourn"]
[EventRounds "9"]
[EventCountry "GER"]
[SourceTitle "GER-chT2"]
[Source "ChessBase"]
[SourceDate "1999.07.01"]
[SourceVersion "1"]
[SourceVersionDate "1999.07.01"]
[SourceQuality "1"]
[WhiteTeam "Luebeck"]
[BlackTeam "Hamburger SK II"]
[WhiteTeamCountry "GER"]
[BlackTeamCountry "GER"]

1. g3 d5 2. Bg2 Nf6 3. Nf3 c5 4. 0-0 Nc6 5. c4 e6 6. cxd5 exd5 7. d4 Be7 8. dxc5 Bxc5 9. Bg5 0-0 10. Nc3 d4 11. Bxf6 Qxf6 12. Nd5 Qd6 13. Nd2 Be6 14. Nf4 Bb6 15. Qa4 Rfe8 16. Rac1 Bd7 17. Nc4 Qc5 18. b4 Qxb4 19. Qxb4 Nxb4 20. Nd6 Nxa2 21. Rc2 Nb4 22. Rb2 g5 23. Nxe8 Bxe8 24. Rxb4 gxf4 25. gxf4 Bc6 26. Rc1 Re8 27. Rb2 Re6 28. Kf1 Kf8 29. Rbc2 Bb5 30. Bxb7 d3 31. Rc8+ Kg7 32. exd3 1/2-1/2

[Event "BL2-Nord 9495"]
[Site "Germany"]
[Date "1995.??.??"]
[Round "2.4"]
[White "Lorenz, Sascha"]
[Black "Sieg, Ulrich"]
[Result "0-1"]
[WhiteElo "2285"]
[BlackElo "2330"]
[PlyCount "62"]
[EventDate "1994.10.??"]
[EventType "team-tourn"]
[EventRounds "9"]
[EventCountry "GER"]
[SourceTitle "GER-chT2"]
[Source "ChessBase"]
[SourceDate "1999.07.01"]
[SourceVersion "1"]
[SourceVersionDate "1999.07.01"]
[SourceQuality "1"]
[WhiteTeam "Koenig Tegel"]
[BlackTeam "Luebeck"]
[WhiteTeamCountry "GER"]
[BlackTeamCountry "GER"]

1. g3 g6 2. Bg2 Bg7 3. d4 d6 4. e4 Nf6 5. Ne2 0-0 6. 0-0 e5 7. Nbc3 c6 8. a4 a5 9. h3 Na6 10. Be3 Nb4 11. g4 Be6 12. d5 cxd5 13. exd5 Bd7 14. Nb5 Ne8 15. c3 Na6 16. f4 f5 17. fxe5 Bxe5 18. Ned4 Ng7 19. Ne6 Nxe6 20. dxe6 Bxe6 21. gxf5 gxf5 22. Bxb7 Kh8 23. Qh5 f4 24. Be4 Rf7 25. Bd4 Rg7+ 26. Kh1 Rc8 27. Rxf4 Nc5 28. Bxe5 dxe5 29. Bxh7 exf4 30. Bg6+ Kg8 31. Rd1 Qf6 0-1

[Event "BL2-Nord 9495"]
[Site "Germany"]
[Date "1995.??.??"]
[Round "6.3"]
[White "Sieg, Ulrich"]
[Black "Thiede, Lars"]
[Result "1/2-1/2"]
[WhiteElo "2330"]
[BlackElo "2350"]
[PlyCount "51"]
[EventDate "1994.10.??"]
[EventType "team-tourn"]
[EventRounds "9"]
[EventCountry "GER"]
[SourceTitle "GER-chT2"]
[Source "ChessBase"]
[SourceDate "1999.07.01"]
[SourceVersion "1"]
[SourceVersionDate "1999.07.01"]
[SourceQuality "1"]
[WhiteTeam "Luebeck"]
[BlackTeam "Neukoelln"]
[WhiteTeamCountry "GER"]
[BlackTeamCountry "GER"]

1. Nf3 Nf6 2. g3 g6 3. c4 Bg7 4. d4 0-0 5. Bg2 d6 6. 0-0 Nbd7 7. Nc3 e5 8. e4 exd4 9. Nxd4 Re8 10. h3 a6 11. Re1 Rb8 12. a4 a5 13. Ndb5 Nc5 14. Be3 Nfd7 15. Qc2 Ne5 16. Rad1 Bd7 17. b3 Nc6 18. Re2 Qc8 19. Nd5 Nb4 20. Nxb4 axb4 21. Na7 Qd8 22. Bxc5 dxc5 23. Red2 Bd4 24. Nb5 Bxb5 25. cxb5 Qf6 26. Kh2 1/2-1/2